000 00930nam a2200241 a 4500
001 BRCA_5739
005 20190320205211.0
008 040311s1945----mx-ald###s---#001-0#spa-#
041 _aspa
044 _amx
050 4 _aHC131
_b.D47 1945
245 1 0 _aEl desarrollo de la economía nacional bajo la influencia de la Guerra 1939-1945.
260 _aMéxico
_bSecretaría de la Economía Nacional
_c1945
300 _a177 p.
_bil.
_c23 cm.
500 _aIncluye tablas comparativas, índice alfabético e índice analítico
500 _aSe publica como Capítulo III de la Memoria de la Secretaría de la Economía Nacional, correspondiente al período: 1944-1945
500 _aH55
650 1 4 _aEconomía
_y1944-1945
_914559
651 4 _aMéxico
_xCondiciones económicas
_y1918-1945
_914560
710 2 _aSecretaría de la Economía Nacional
_bOficina de Barómetros Económicos
_914561
902 _aGFM
942 _2lcc
_cB
999 _c5429
_d5429